000
00285nam a2200097Ia 4500
001
899151
005
20250826184443.0
008
250824s9999 xx 000 0 und d
245
0
_a
TANRI NIN SAVAŞÇILARI SELAHADDİN EYYUBİ VE KRAL RICHARD
_c
JAMES RESTON,JR.
260
_b
PANAMA YAYINLARI
999
_c
899151
_d
899151